[Event "English Open Championship 2024"]
[Site "Holiday Inn, 212 Abbey End, Kenilworth CV8 1ED, United Kingdom"]
[Date "2024.06.20"]
[Round "1.1"]
[White "Adams, Michael"]
[Black "Clarke, James"]
[Result "1-0"]
[TimeControl "G90 + 30secs/move"]
[WhiteFideId "400041"]
[BlackFideId "463140"]
[WhiteElo "2670"]
[BlackElo "1894"]

1. e4 {[%clk 01:30:56]} {[%emt 00:00:02]} e5 {[%clk 01:30:53]} {[%emt
00:00:08]} 2. Nf3 {[%clk 01:31:15]} {[%emt 00:00:11]} Nf6 {[%clk 01:31:19]}
{[%emt 00:00:04]} 3. Nxe5 {[%clk 01:30:06]} {[%emt 00:01:39]} d6 {[%clk
01:31:44]} {[%emt 00:00:05]} 4. Nf3 {[%clk 01:30:31]} {[%emt 00:00:05]} Nxe4
{[%clk 01:32:10]} {[%emt 00:00:04]} 5. Nc3 {[%clk 01:28:57]} {[%emt 00:02:04]}
Nxc3 {[%clk 01:32:35]} {[%emt 00:00:06]} 6. dxc3 {[%clk 01:29:22]} {[%emt
00:00:04]} Be7 {[%clk 01:32:57]} {[%emt 00:00:07]} 7. Be3 {[%clk 01:28:59]}
{[%emt 00:00:54]} O-O {[%clk 01:33:17]} {[%emt 00:00:10]} 8. Qd2 {[%clk
01:27:40]} {[%emt 00:01:49]} Nd7 {[%clk 01:33:41]} {[%emt 00:00:05]} 9. O-O-O
{[%clk 01:28:04]} {[%emt 00:00:06]} Nf6 {[%clk 01:34:06]} {[%emt 00:00:06]} 10.
Kb1 {[%clk 01:27:54]} {[%emt 00:00:41]} d5 {[%clk 01:26:34]} {[%emt 00:08:01]}
11. h3 {[%clk 01:23:09]} {[%emt 00:05:15]} Re8 {[%clk 01:21:35]} {[%emt
00:05:28]} 12. g4 {[%clk 01:14:43]} {[%emt 00:08:56]} c6 {[%clk 01:14:29]}
{[%emt 00:07:37]} 13. Bd3 {[%clk 01:12:47]} {[%emt 00:02:26]} Qa5 {[%clk
01:07:03]} {[%emt 00:07:55]} 14. Nd4 {[%clk 01:05:13]} {[%emt 00:08:05]} Ne4
{[%clk 01:02:53]} {[%emt 00:04:39]} 15. Bxe4 {[%clk 01:04:38]} {[%emt
00:01:06]} dxe4 {[%clk 01:03:06]} {[%emt 00:00:17]} 16. Qe2 {[%clk 01:04:29]}
{[%emt 00:00:38]} Bf6 {[%clk 00:48:04]} {[%emt 00:15:32]} 17. Nb3 {[%clk
01:02:13]} {[%emt 00:02:47]} Qc7 {[%clk 00:47:00]} {[%emt 00:01:34]} 18. h4
{[%clk 00:57:53]} {[%emt 00:04:50]} a5 {[%clk 00:39:47]} {[%emt 00:07:44]} 19.
Nd2 {[%clk 00:49:59]} {[%emt 00:08:23]} b6 {[%clk 00:33:02]} {[%emt 00:07:15]}
20. g5 {[%clk 00:48:51]} {[%emt 00:01:38]} Bd8 {[%clk 00:18:36]} {[%emt
00:14:55]} 21. h5 {[%clk 00:45:42]} {[%emt 00:03:40]} Bf5 {[%clk 00:16:38]}
{[%emt 00:02:27]} 22. Rh4 {[%clk 00:34:18]} {[%emt 00:11:54]} Qb7 {[%clk
00:14:17]} {[%emt 00:02:51]} 23. h6 {[%clk 00:30:40]} {[%emt 00:04:08]} g6
{[%clk 00:10:10]} {[%emt 00:04:37]} 24. Nc4 {[%clk 00:28:46]} {[%emt 00:02:23]}
Bc7 {[%clk 00:10:01]} {[%emt 00:00:40]} 25. Bd4 {[%clk 00:27:24]} {[%emt
00:01:53]} b5 {[%clk 00:07:13]} {[%emt 00:03:17]} 26. Ne3 {[%clk 00:27:39]}
{[%emt 00:00:14]} Be6 {[%clk 00:07:10]} {[%emt 00:00:33]} 27. Ng4 {[%clk
00:27:06]} {[%emt 00:01:03]} Bd8 {[%clk 00:05:38]} {[%emt 00:02:02]} 28. Nf6+
{[%clk 00:26:17]} {[%emt 00:01:20]} Bxf6 {[%clk 00:06:02]} {[%emt 00:00:06]} 29.
Bxf6 {[%clk 00:26:43]} {[%emt 00:00:04]} Bd5 {[%clk 00:05:04]} {[%emt
00:01:28]} 30. Qe3 {[%clk 00:25:22]} {[%emt 00:01:50]} a4 {[%clk 00:04:46]}
{[%emt 00:00:49]} 31. Rhh1 {[%clk 00:20:45]} {[%emt 00:05:06]} Qc8 {[%clk
00:04:54]} {[%emt 00:00:22]} 32. Rhe1 {[%clk 00:18:50]} {[%emt 00:02:26]} Qe6
{[%clk 00:04:59]} {[%emt 00:00:25]} 33. a3 {[%clk 00:19:09]} {[%emt 00:00:10]}
Qf5 {[%clk 00:04:33]} {[%emt 00:00:56]} 34. Qd4 {[%clk 00:14:48]} {[%emt
00:04:51]} Re6 {[%clk 00:02:58]} {[%emt 00:02:05]} 35. Bh8 {[%clk 00:13:42]}
{[%emt 00:01:36]} f6 {[%clk 00:03:25]} {[%emt 00:00:04]} 36. Bxf6 {[%clk
00:13:53]} {[%emt 00:00:19]} Ree8 {[%clk 00:03:00]} {[%emt 00:00:55]} 37. Rd2
{[%clk 00:12:14]} {[%emt 00:02:09]} Re6 {[%clk 00:02:16]} {[%emt 00:01:13]} 38.
Red1 {[%clk 00:11:14]} {[%emt 00:01:30]} Rd6 {[%clk 00:01:40]} {[%emt
00:01:06]} 39. c4 {[%clk 00:10:43]} {[%emt 00:01:01]} bxc4 {[%clk 00:01:42]}
{[%emt 00:00:28]} 40. Be7 {[%clk 00:10:51]} {[%emt 00:00:22]} 1-0

[Event "English Open Championship 2024"]
[Site "Holiday Inn, 212 Abbey End, Kenilworth CV8 1ED, United Kingdom"]
[Date "2024.06.20"]
[Round "1.2"]
[White "Mason, Donald J"]
[Black "Jones, Gawain Cb"]
[Result "0-1"]
[TimeControl "G90 + 30secs/move"]
[WhiteFideId "405116"]
[BlackFideId "409561"]
[WhiteElo "2014"]
[BlackElo "2633"]

1. e4 {[%clk 01:30:56]} {[%emt 00:00:03]} e5 {[%clk 01:30:49]} {[%emt
00:00:11]} 2. Nf3 {[%clk 01:31:17]} {[%emt 00:00:11]} Nc6 {[%clk 01:31:14]}
{[%emt 00:00:03]} 3. Nc3 {[%clk 01:31:40]} {[%emt 00:00:07]} Nf6 {[%clk
01:31:39]} {[%emt 00:00:05]} 4. d4 {[%clk 01:32:02]} {[%emt 00:00:08]} exd4
{[%clk 01:32:06]} {[%emt 00:00:04]} 5. Nd5 {[%clk 01:32:15]} {[%emt 00:00:17]}
Bc5 {[%clk 01:31:02]} {[%emt 00:01:33]} 6. Bg5 {[%clk 01:31:33]} {[%emt
00:01:12]} Be7 {[%clk 01:31:08]} {[%emt 00:00:24]} 7. Bxf6 {[%clk 01:29:41]}
{[%emt 00:02:22]} Bxf6 {[%clk 01:31:33]} {[%emt 00:00:05]} 8. Bb5 {[%clk
01:30:02]} {[%emt 00:00:09]} O-O {[%clk 01:21:45]} {[%emt 00:10:19]} 9. Bxc6
{[%clk 01:29:20]} {[%emt 00:01:11]} dxc6 {[%clk 01:20:37]} {[%emt 00:01:39]} 10.
Nxf6+ {[%clk 01:29:42]} {[%emt 00:00:08]} Qxf6 {[%clk 01:20:59]} {[%emt
00:00:07]} 11. Qxd4 {[%clk 01:30:04]} {[%emt 00:00:08]} Qf4 {[%clk 01:11:24]}
{[%emt 00:10:05]} 12. O-O {[%clk 01:24:23]} {[%emt 00:06:11]} Re8 {[%clk
01:10:27]} {[%emt 00:01:27]} 13. Rfe1 {[%clk 01:20:54]} {[%emt 00:03:59]} Bg4
{[%clk 01:05:04]} {[%emt 00:05:54]} 14. Qe3 {[%clk 01:11:10]} {[%emt 00:10:14]}
Qxe3 {[%clk 01:01:13]} {[%emt 00:04:21]} 15. Rxe3 {[%clk 01:11:32]} {[%emt
00:00:07]} f5 {[%clk 01:00:39]} {[%emt 00:01:05]} 16. exf5 {[%clk 01:05:03]}
{[%emt 00:06:59]} Rxe3 {[%clk 01:00:42]} {[%emt 00:00:27]} 17. fxe3 {[%clk
01:05:22]} {[%emt 00:00:11]} Bxf5 {[%clk 01:01:03]} {[%emt 00:00:09]} 18. Rd1
{[%clk 00:58:46]} {[%emt 00:07:06]} Bxc2 {[%clk 00:57:53]} {[%emt 00:03:40]} 19.
Rd7 {[%clk 00:59:01]} {[%emt 00:00:14]} Rc8 {[%clk 00:58:17]} {[%emt 00:00:07]}
20. Nd4 {[%clk 00:56:55]} {[%emt 00:02:35]} Bg6 {[%clk 00:58:14]} {[%emt
00:00:32]} 21. Ne6 {[%clk 00:52:57]} {[%emt 00:04:29]} Re8 {[%clk 00:53:05]}
{[%emt 00:05:40]} 22. Nf4 {[%clk 00:47:38]} {[%emt 00:05:48]} Bf7 {[%clk
00:48:06]} {[%emt 00:05:29]} 23. Rxc7 {[%clk 00:39:59]} {[%emt 00:08:09]} Rxe3
{[%clk 00:44:42]} {[%emt 00:03:55]} 24. Kf2 {[%clk 00:36:56]} {[%emt 00:03:32]}
Re4 {[%clk 00:44:58]} {[%emt 00:00:14]} 25. Kf3 {[%clk 00:35:15]} {[%emt
00:02:11]} Re5 {[%clk 00:37:44]} {[%emt 00:07:44]} 26. Rxb7 {[%clk 00:31:56]}
{[%emt 00:03:48]} g5 {[%clk 00:38:03]} {[%emt 00:00:11]} 27. Nd3 {[%clk
00:28:42]} {[%emt 00:03:45]} Bd5+ {[%clk 00:37:57]} {[%emt 00:00:36]} 28. Kg4
{[%clk 00:22:09]} {[%emt 00:07:03]} Re2 {[%clk 00:37:54]} {[%emt 00:00:34]} 29.
g3 {[%clk 00:20:11]} {[%emt 00:02:27]} Bc4 {[%clk 00:35:36]} {[%emt 00:02:48]}
30. Nc5 {[%clk 00:10:24]} {[%emt 00:10:17]} Re5 {[%clk 00:35:40]} {[%emt
00:00:26]} 31. Nd7 {[%clk 00:10:31]} {[%emt 00:00:23]} Be2+ {[%clk 00:35:33]}
{[%emt 00:00:37]} 32. Kh3 {[%clk 00:10:52]} {[%emt 00:00:09]} Rf5 {[%clk
00:28:58]} {[%emt 00:07:05]} 33. g4 {[%clk 00:07:36]} {[%emt 00:03:46]} Rf4
{[%clk 00:27:00]} {[%emt 00:02:28]} 34. Ne5 {[%clk 00:02:22]} {[%emt 00:05:44]}
a5 {[%clk 00:22:30]} {[%emt 00:05:01]} 35. Nxc6 {[%clk 00:00:37]} {[%emt
00:02:15]} Rxg4 {[%clk 00:15:04]} {[%emt 00:07:56]} 36. Re7 {[%clk 00:01:01]}
{[%emt 00:00:05]} Bf3 {[%clk 00:15:12]} {[%emt 00:00:22]} 37. Ne5 {[%clk
00:01:14]} {[%emt 00:00:18]} Rg1 {[%emt 00:02:17]} 0-1

[Event "English Open Championship 2024"]
[Site "Holiday Inn, 212 Abbey End, Kenilworth CV8 1ED, United Kingdom"]
[Date "2024.06.20"]
[Round "1.3"]
[White "Fernandez, Daniel H"]
[Black "Vaidyanathan, Adithya"]
[Result "1/2-1/2"]
[TimeControl "G90 + 30secs/move"]
[WhiteFideId "5801605"]
[BlackFideId "495450"]
[WhiteElo "2526"]
[BlackElo "2002"]

1. b3 {[%clk 01:30:19]} {[%emt 00:00:40]} Nf6 {[%clk 01:30:22]} {[%emt
00:00:40]} 2. Bb2 {[%clk 01:30:39]} {[%emt 00:00:09]} d5 {[%clk 01:30:12]}
{[%emt 00:00:41]} 3. e3 {[%clk 01:29:13]} {[%emt 00:01:56]} g6 {[%clk
01:30:29]} {[%emt 00:00:13]} 4. c4 {[%clk 01:27:15]} {[%emt 00:02:27]} c6
{[%clk 01:30:11]} {[%emt 00:00:49]} 5. h3 {[%clk 01:21:54]} {[%emt 00:05:50]}
Bg7 {[%clk 01:29:19]} {[%emt 00:01:22]} 6. Nf3 {[%clk 01:22:20]} {[%emt
00:00:03]} O-O {[%clk 01:28:58]} {[%emt 00:00:52]} 7. Nc3 {[%clk 01:21:24]}
{[%emt 00:01:26]} Nbd7 {[%clk 01:28:14]} {[%emt 00:01:15]} 8. d4 {[%clk
01:17:32]} {[%emt 00:04:22]} Re8 {[%clk 01:19:53]} {[%emt 00:08:51]} 9. cxd5
{[%clk 01:16:41]} {[%emt 00:01:20]} cxd5 {[%clk 01:19:06]} {[%emt 00:01:17]} 10.
g4 {[%clk 01:06:15]} {[%emt 00:10:55]} Ne4 {[%clk 01:03:07]} {[%emt 00:16:30]}
11. Bg2 {[%clk 00:55:16]} {[%emt 00:11:29]} e5 {[%clk 00:50:49]} {[%emt
00:12:49]} 12. Ne2 {[%clk 00:41:03]} {[%emt 00:14:42]} Qa5+ {[%clk 00:42:24]}
{[%emt 00:08:55]} 13. Kf1 {[%clk 00:41:12]} {[%emt 00:00:20]} exd4 {[%clk
00:30:32]} {[%emt 00:12:23]} 14. Bxd4 {[%clk 00:40:56]} {[%emt 00:00:45]} b6
{[%clk 00:28:30]} {[%emt 00:02:33]} 15. Bxg7 {[%clk 00:40:06]} {[%emt
00:01:19]} Kxg7 {[%clk 00:28:37]} {[%emt 00:00:24]} 16. Kg1 {[%clk 00:39:43]}
{[%emt 00:00:51]} Bb7 {[%clk 00:19:28]} {[%emt 00:09:41]} 17. a3 {[%clk
00:38:03]} {[%emt 00:02:10]} Qc5 {[%clk 00:18:58]} {[%emt 00:01:00]} 18. b4
{[%clk 00:33:31]} {[%emt 00:05:02]} Qe7 {[%clk 00:14:57]} {[%emt 00:04:32]} 19.
Nf4 {[%clk 00:32:55]} {[%emt 00:01:05]} Ne5 {[%clk 00:09:17]} {[%emt 00:06:10]}
20. Qd4 {[%clk 00:29:17]} {[%emt 00:04:08]} f6 {[%clk 00:09:12]} {[%emt
00:00:36]} 21. Rc1 {[%clk 00:28:01]} {[%emt 00:01:43]} Rac8 {[%clk 00:08:38]}
{[%emt 00:01:06]} 22. Rxc8 {[%clk 00:23:26]} {[%emt 00:05:05]} Rxc8 {[%clk
00:08:53]} {[%emt 00:00:15]} 23. Nd2 {[%clk 00:22:32]} {[%emt 00:01:23]} Rc1+
{[%clk 00:06:19]} {[%emt 00:03:05]} 24. Kh2 {[%clk 00:22:39]} {[%emt 00:00:22]}
Rxh1+ {[%clk 00:06:47]} {[%emt 00:00:04]} 25. Bxh1 {[%clk 00:22:58]} {[%emt
00:00:09]} Nxf2 {[%clk 00:06:42]} {[%emt 00:00:36]} 26. Bxd5 {[%clk 00:23:02]}
{[%emt 00:00:26]} Bxd5 {[%clk 00:05:12]} {[%emt 00:01:59]} 27. Nxd5 {[%clk
00:20:25]} {[%emt 00:03:07]} Qd6 {[%clk 00:04:40]} {[%emt 00:01:03]} 28. Kg2
{[%clk 00:18:15]} {[%emt 00:02:39]} Nfd3 {[%clk 00:04:36]} {[%emt 00:00:35]} 29.
Ne4 {[%clk 00:10:14]} {[%emt 00:08:29]} Qc6 {[%clk 00:03:17]} {[%emt 00:01:51]}
30. Nec3 {[%clk 00:08:26]} {[%emt 00:02:18]} Ne1+ {[%clk 00:02:12]} {[%emt
00:01:35]} 31. Kf1 {[%clk 00:06:34]} {[%emt 00:02:21]} Nc2 {[%clk 00:02:10]}
{[%emt 00:00:33]} 32. Qf4 {[%clk 00:03:47]} {[%emt 00:03:17]} Nxa3 {[%clk
00:02:01]} {[%emt 00:00:40]} 33. g5 {[%clk 00:03:50]} {[%emt 00:00:26]} Qc4+
{[%clk 00:01:40]} {[%emt 00:00:51]} 34. Qxc4 {[%clk 00:04:09]} {[%emt
00:00:11]} Naxc4 {[%clk 00:01:52]} {[%emt 00:00:18]} 35. gxf6+ {[%clk
00:04:23]} {[%emt 00:00:15]} Kf7 {[%clk 00:02:05]} {[%emt 00:00:18]} 36. Ke2
{[%clk 00:03:26]} {[%emt 00:01:27]} Nd7 {[%clk 00:01:35]} {[%emt 00:01:00]} 37.
Nb5 {[%clk 00:02:37]} {[%emt 00:01:19]} a6 {[%clk 00:01:18]} {[%emt 00:00:47]}
38. Nbc7 {[%clk 00:02:57]} {[%emt 00:00:09]} a5 {[%clk 00:01:12]} {[%emt
00:00:37]} 39. Kd3 {[%clk 00:01:35]} {[%emt 00:01:52]} Nd6 {[%clk 00:01:06]}
{[%emt 00:00:36]} 40. b5 {[%clk 00:01:26]} {[%emt 00:00:40]} Ne8 {[%clk
00:00:39]} {[%emt 00:00:57]} 41. Na8 {[%clk 00:01:01]} {[%emt 00:00:54]} Nexf6
{[%clk 00:00:39]} {[%emt 00:00:29]} 42. Naxb6 {[%clk 00:00:44]} {[%emt
00:00:47]} Nxd5 {[%clk 00:00:46]} {[%emt 00:00:23]} 43. Nxd7 {[%clk 00:00:48]}
{[%emt 00:00:27]} Ke7 {[%clk 00:01:00]} {[%emt 00:00:17]} 44. Nc5 {[%clk
00:01:15]} {[%emt 00:00:02]} Kd6 {[%clk 00:00:47]} {[%emt 00:00:42]} 45. Nb7+
{[%clk 00:01:42]} {[%emt 00:00:04]} Kc7 {[%clk 00:01:14]} {[%emt 00:00:04]} 46.
Nxa5 {[%clk 00:01:55]} {[%emt 00:00:16]} Kb6 {[%clk 00:01:37]} {[%emt
00:00:07]} 47. Nc4+ {[%clk 00:01:57]} {[%emt 00:00:27]} Kxb5 {[%clk 00:02:04]}
{[%emt 00:00:04]} 48. Kd4 {[%clk 00:02:21]} {[%emt 00:00:06]} Nf6 {[%clk
00:01:26]} {[%emt 00:01:08]} 49. Ne5 {[%clk 00:01:51]} {[%emt 00:00:59]} Kb6
{[%clk 00:01:21]} {[%emt 00:00:36]} 50. Nf7 {[%clk 00:02:03]} {[%emt 00:00:17]}
Kc7 {[%clk 00:00:46]} {[%emt 00:01:06]} 51. Ke5 {[%clk 00:02:26]} {[%emt
00:00:06]} Nh5 {[%clk 00:00:52]} {[%emt 00:00:24]} 52. Ng5 {[%clk 00:02:37]}
{[%emt 00:00:19]} h6 {[%clk 00:00:58]} {[%emt 00:00:25]} 53. Nf7 {[%clk
00:02:39]} {[%emt 00:00:27]} Kd7 {[%clk 00:01:17]} {[%emt 00:00:12]} 54. Nxh6
{[%clk 00:02:52]} {[%emt 00:00:16]} Ke7 {[%clk 00:01:46]} {[%emt 00:00:02]} 55.
Ng4 {[%clk 00:01:36]} {[%emt 00:01:45]} Ng7 {[%clk 00:01:36]} {[%emt 00:00:40]}
56. Nf6 {[%clk 00:01:11]} {[%emt 00:00:55]} Nf5 {[%clk 00:00:57]} {[%emt
00:01:10]} 57. Nd5+ {[%clk 00:01:22]} {[%emt 00:00:18]} Kf7 {[%clk 00:01:14]}
{[%emt 00:00:14]} 58. e4 {[%clk 00:01:18]} {[%emt 00:00:33]} Ng3 {[%clk
00:01:13]} {[%emt 00:00:32]} 59. Nb4 {[%clk 00:00:37]} {[%emt 00:01:11]} Ke7
{[%clk 00:00:40]} {[%emt 00:01:02]} 60. Nc6+ {[%clk 00:00:59]} {[%emt
00:00:08]} Kf7 {[%clk 00:00:51]} {[%emt 00:00:21]} 61. Nd4 {[%clk 00:01:14]}
{[%emt 00:00:13]} Ke7 {[%clk 00:00:59]} {[%emt 00:00:22]} 62. h4 {[%clk
00:00:41]} {[%emt 00:01:02]} Nh5 {[%clk 00:01:18]} {[%emt 00:00:12]} 63. Ne6
{[%clk 00:00:40]} {[%emt 00:00:31]} Nf6 {[%clk 00:01:36]} {[%emt 00:00:13]} 64.
Nf4 {[%clk 00:00:42]} {[%emt 00:00:28]} Ng4+ {[%clk 00:01:18]} {[%emt
00:00:48]} 65. Kd5 {[%clk 00:00:46]} {[%emt 00:00:26]} Kf6 {[%clk 00:01:22]}
{[%emt 00:00:26]} 66. Nh3 {[%clk 00:00:58]} {[%emt 00:00:17]} Ne3+ {[%clk
00:01:36]} {[%emt 00:00:16]} 67. Kd6 {[%clk 00:01:27]} {[%emt 00:00:02]} Nc4+
{[%clk 00:00:56]} {[%emt 00:01:10]} 68. Kd5 {[%clk 00:01:54]} {[%emt 00:00:02]}
Ne3+ {[%clk 00:01:21]} {[%emt 00:00:06]} 69. Kd6 {[%clk 00:02:18]} {[%emt
00:00:06]} Nc4+ {[%clk 00:01:46]} {[%emt 00:00:04]} 70. Kc5 {[%clk 00:02:45]}
{[%emt 00:00:04]} Ne3 {[%clk 00:01:47]} {[%emt 00:00:29]} 71. Nf4 {[%clk
00:02:51]} {[%emt 00:00:24]} Ke5 {[%clk 00:01:53]} {[%emt 00:00:25]} 72. Nxg6
{[%clk 00:03:18]} {[%emt 00:00:02]} Kxe4 {[%clk 00:02:17]} {[%emt 00:00:06]} 73.
h5 {[%clk 00:03:43]} {[%emt 00:00:05]} Kf5 {[%clk 00:02:41]} {[%emt 00:00:06]}
74. Nf4 {[%clk 00:03:58]} {[%emt 00:00:15]} Ng4 {[%clk 00:02:50]} {[%emt
00:00:22]} 75. h6 {[%clk 00:03:48]} {[%emt 00:00:08]} 1/2-1/2

[Event "English Open Championship 2024"]
[Site "Holiday Inn, 212 Abbey End, Kenilworth CV8 1ED, United Kingdom"]
[Date "2024.06.20"]
[Round "1.4"]
[White "Kothari, Jai"]
[Black "Ghasi, Ameet K"]
[Result "0-1"]
[TimeControl "G90 + 30secs/move"]
[WhiteFideId "477117"]
[BlackFideId "409200"]
[WhiteElo "2038"]
[BlackElo "2496"]

1. e4 {[%clk 01:30:40]} {[%emt 00:00:19]} g6 {[%clk 01:29:18]} {[%emt
00:01:42]} 2. d4 {[%clk 01:29:34]} {[%emt 00:01:36]} Bg7 {[%clk 01:29:24]}
{[%emt 00:00:22]} 3. Nc3 {[%clk 01:29:44]} {[%emt 00:00:21]} d6 {[%clk
01:29:49]} {[%emt 00:00:06]} 4. Be3 {[%clk 01:29:22]} {[%emt 00:00:51]} a6
{[%clk 01:29:07]} {[%emt 00:01:12]} 5. g4 {[%clk 01:28:28]} {[%emt 00:01:25]}
b5 {[%clk 01:19:25]} {[%emt 00:10:13]} 6. Bg2 {[%clk 01:26:56]} {[%emt
00:02:00]} Bb7 {[%clk 01:07:54]} {[%emt 00:12:01]} 7. h4 {[%clk 01:25:46]}
{[%emt 00:01:41]} h6 {[%clk 00:52:23]} {[%emt 00:16:01]} 8. f4 {[%clk
01:17:44]} {[%emt 00:08:31]} Nf6 {[%clk 00:46:57]} {[%emt 00:05:56]} 9. g5
{[%clk 01:10:48]} {[%emt 00:07:27]} hxg5 {[%clk 00:46:12]} {[%emt 00:01:14]} 10.
hxg5 {[%clk 01:09:59]} {[%emt 00:01:20]} Rxh1 {[%clk 00:46:36]} {[%emt
00:00:06]} 11. Bxh1 {[%clk 01:10:23]} {[%emt 00:00:05]} Nfd7 {[%clk 00:46:54]}
{[%emt 00:00:12]} 12. Bf3 {[%clk 01:06:19]} {[%emt 00:04:35]} Nb6 {[%clk
00:44:02]} {[%emt 00:03:23]} 13. e5 {[%clk 01:03:13]} {[%emt 00:03:35]} Nc6
{[%clk 00:34:40]} {[%emt 00:09:52]} 14. Qe2 {[%clk 00:49:15]} {[%emt 00:14:28]}
d5 {[%clk 00:28:31]} {[%emt 00:06:40]} 15. O-O-O {[%clk 00:42:06]} {[%emt
00:07:38]} Qd7 {[%clk 00:23:09]} {[%emt 00:05:52]} 16. f5 {[%clk 00:31:23]}
{[%emt 00:11:14]} gxf5 {[%clk 00:16:27]} {[%emt 00:07:12]} 17. Nh3 {[%clk
00:31:46]} {[%emt 00:00:05]} O-O-O {[%clk 00:14:13]} {[%emt 00:02:44]} 18. Nf4
{[%clk 00:32:11]} {[%emt 00:00:06]} e6 {[%clk 00:14:06]} {[%emt 00:00:38]} 19.
Rh1 {[%clk 00:32:25]} {[%emt 00:00:15]} Qe8 {[%clk 00:11:54]} {[%emt 00:02:43]}
20. Nd1 {[%clk 00:31:08]} {[%emt 00:01:46]} Ne7 {[%clk 00:07:32]} {[%emt
00:04:52]} 21. Bh5 {[%clk 00:28:44]} {[%emt 00:02:54]} Qg8 {[%clk 00:07:36]}
{[%emt 00:00:26]} 22. Rg1 {[%clk 00:28:17]} {[%emt 00:00:57]} Nd7 {[%clk
00:06:14]} {[%emt 00:01:52]} 23. g6 {[%clk 00:27:39]} {[%emt 00:01:08]} f6
{[%clk 00:06:13]} {[%emt 00:00:31]} 24. Nd3 {[%clk 00:24:52]} {[%emt 00:03:17]}
fxe5 {[%clk 00:06:26]} {[%emt 00:00:17]} 25. dxe5 {[%clk 00:25:13]} {[%emt
00:00:09]} Nc6 {[%clk 00:06:24]} {[%emt 00:00:31]} 26. Bf4 {[%clk 00:25:07]}
{[%emt 00:00:36]} Qh8 {[%clk 00:05:19]} {[%emt 00:01:35]} 27. Re1 {[%clk
00:25:24]} {[%emt 00:00:14]} Nd4 {[%clk 00:04:45]} {[%emt 00:01:03]} 28. Qh2
{[%clk 00:25:52]} {[%emt 00:00:02]} c5 {[%clk 00:03:23]} {[%emt 00:01:53]} 29.
c3 {[%clk 00:23:20]} {[%emt 00:03:02]} Nc6 {[%clk 00:03:44]} {[%emt 00:00:09]}
30. Bf3 {[%clk 00:23:40]} {[%emt 00:00:09]} c4 {[%clk 00:03:40]} {[%emt
00:00:34]} 31. N3f2 {[%clk 00:23:46]} {[%emt 00:00:24]} Qxh2 {[%clk 00:03:55]}
{[%emt 00:00:16]} 32. Bxh2 {[%clk 00:24:15]} Rh8 {[%clk 00:03:57]} {[%emt
00:00:28]} 33. Bf4 {[%clk 00:24:40]} {[%emt 00:00:06]} Ncxe5 {[%clk 00:04:09]}
{[%emt 00:00:18]} 34. Bg2 {[%clk 00:25:04]} {[%emt 00:00:02]} Nxg6 {[%clk
00:03:39]} {[%emt 00:01:03]} 35. Bd6 {[%clk 00:25:32]} {[%emt 00:00:01]} Be5
{[%clk 00:02:55]} {[%emt 00:01:14]} 0-1